00651 2200217 4500008004100000001001900041005001900060035002200079020002200101040001200123041000800135082001600143090001600159100001800175245009000193260004400283300003600327650001500363852001200378990004300390210907||||||||| | ||| |||| ||ind||BDGDB101120140000820141110103949.267 a0010-101114000860 a978-602-02-3680-3 aJBPDBAN aInd0 2[23]a070.4 a070.4 ATO j0 aAtok Sugiarto00aJurnalisme pejalan kakibKiat membuat foto untuk laporan jurnalistik /cAtok Sugiarto aJakarta :bElex Media Komputindo,c2014 axiii,181 hlm.:bIllus.;c23 cm. 0aJurnalisme aJBPDBAN a14/309 386,387,388,389,390,391,392,393